000 00804nam a2200205Ii 4500
003 JO-AjNU
008 230605s9999||||xx |||||||||||||| ||und||
040 _aJO-AjNU
_bara
_erda
_cJO-AjNU
041 _aara
050 1 4 _ak116.h5736.1988
100 3 _a خالد ، هشام ,
_eauthor
_919456
245 0 0 _aالمؤسسة العربية لضمان الإستثمار " دراسة قانونية "
250 _a(د،ط)
264 3 1 _aالاسكندرية : مؤسسة شباب الجامعة ، 1988
300 _a172ص
336 _atext
_btxt
_2rdacontent
337 _aunmediated
_bn
_2rdamedia
338 _avolume
_bnc
_2rdacarrier
650 4 _aالاستثمار -- العالم العربي -- تقارير -- المؤسسة العربية لضمان الاستثمار -- تقارير
_919457
999 _aA6424
_c9992
_d9992